Nhầm đối tượng Tập truyện

Сохранить в:
Библиографические подробности
Другие авторы: Nguyễn Thảo (Dịch), Vũ Thế Lân (Dịch)
Формат:
Язык:Vietnamese
Опубликовано: H. Pháp lý 1987
Предметы:
Метки: Добавить метку
Нет меток, Требуется 1-ая метка записи!
Thư viện lưu trữ: Trung tâm Học liệu Lê Vũ Hùng, Trường Đại học Đồng Tháp
LEADER 00854pam a22002418a 4500
001 00025112
005 20171026081023.0
008 110730s1987 ||||||viesd
041 0 # |a vie 
082 1 4 |a 891.73  |b NH120Đ 
245 0 0 |a Nhầm đối tượng  |b Tập truyện  |c Luibôp Arextôva...[và nh.ng.khác]; Người dịch: Nguyễn Thảo, Vũ Thế Lân 
260 # # |a H.  |b Pháp lý  |c 1987 
300 # # |a 262tr.  |c 20 cm. 
650 # 4 |a Liên Xô 
650 # 4 |a Truyện 
650 # 4 |a Văn học hiện đại 
700 1 # |a Nguyễn Thảo  |e Dịch 
700 1 # |a Vũ Thế Lân  |e Dịch 
852 # # |b Kho mượn  |j KM.0010856 
852 # # |b Kho đọc  |j KD.0009448 
852 # # |j KD.0009448  |j KM.0010856 
910 |d 30/07/2011 
980 # # |a Trung tâm Học liệu Lê Vũ Hùng, Trường Đại học Đồng Tháp